ՀՀ Գիտությունների ազգային ակադեմիայի հիմնարար գիտական գրադարան  =   Fundamental Scientific Library of NAS RA

Рига / (Record no. 471316)

MARC details
000 -LEADER
fixed length control field 00958nam a2200217 a 4500
001 - CONTROL NUMBER
control field 001132959
003 - CONTROL NUMBER IDENTIFIER
control field AM-YeHGA
005 - DATE AND TIME OF LATEST TRANSACTION
control field 20250617161425.0
008 - FIXED-LENGTH DATA ELEMENTS--GENERAL INFORMATION
fixed length control field 160302s1947 ru r 000 0 rus d
040 ## - CATALOGING SOURCE
Original cataloging agency AM-YeHGA
041 0# - LANGUAGE CODE
Language code of text/sound track or separate title rus
090 ## - LOCALLY ASSIGNED LC-TYPE CALL NUMBER (OCLC); LOCAL CALL NUMBER (RLIN)
-- 474573
100 1# - MAIN ENTRY--PERSONAL NAME
Personal name Круминь, Артур Карлович
Dates associated with a name (1894—1943)
245 00 - TITLE STATEMENT
Title Рига /
Statement of responsibility, etc. А. К. Круминь.
260 ## - PUBLICATION, DISTRIBUTION, ETC.
Place of publication, distribution, etc. Москва :
Name of publisher, distributor, etc. Акад. архитектуры СССР,
Date of publication, distribution, etc. 1947.
300 ## - PHYSICAL DESCRIPTION
Extent 48 с. текста, :
Other physical details 28 л. ил. ;
Dimensions 17 см.
440 #0 - SERIES STATEMENT/ADDED ENTRY--TITLE
Title Сокровища зодчества народов СССР / Акад. архитектуры СССР. Ин-т истории и теории архитектуры. Под общ. ред. акад. В. А. Веснина
500 ## - GENERAL NOTE
General note На обл. авт. не указан
650 14 - SUBJECT ADDED ENTRY--TOPICAL TERM
Topical term or geographic name entry element Архитектурные памятники
650 14 - SUBJECT ADDED ENTRY--TOPICAL TERM
Topical term or geographic name entry element Рига - Художественные памятники
Holdings
Withdrawn status Lost status Source of classification or shelving scheme Damaged status Not for loan Collection Home library Current library Date acquired Total checkouts Full call number Barcode Date last seen Price effective from Koha item type Public note
    Universal Decimal Classification     General Fundamental Scientific Library Fundamental Scientific Library 01/06/2018   РД I/9949 FL0502078 01/06/2018 01/06/2018 Գրքեր / Books 30 Days Loan
    Universal Decimal Classification     General Fundamental Scientific Library Fundamental Scientific Library 05/06/2018   РД I/10061 FL0502117 05/06/2018 05/06/2018 Գրքեր / Books 30 Days Loan


ՀՀ ԳԱԱ հիմնարար գիտական գրադարան
ՀՀ,Երևան 0019
Մարշալ Բաղրամյան 24/6
հեռախոս:(374-10) 52-47-50
Հետադարձ կապ

All site content, except where otherwise noted, is licensed under a
Creative Commons License